Statistics for My Hero Academia Class 1-A

Click here to take the quiz!

General Stats

  • This quiz has been taken 3,382 times
  • The average score is 14 of 20

Answer Stats

HintAnswer% Correct
One For AllIzuku Midoriya
94%
ExplosionKatsuki Bakugo
93%
Half-Cold Half-HotShoto Todoroki
89%
Zero GravityOchaco Uraraka
80%
HardeningEijiro Kirishima
79%
ElectrificationDenki Kaminari
77%
EngineTenya Iida
77%
Pop OffMinoru Mineta
76%
Frog FormTsuyu Asui
76%
AcidMina Ashido
74%
TapeHanta Sero
72%
Earphone JackKyoka Jiro
72%
Dark ShadowFumikage Tokoyami
70%
Navel LaserYuga Aoyama
68%
Animal VoiceKoji Koda
60%
TailMashirao Ojiro
58%
CreationMomo Yaoyorozu
58%
Dupli-ArmsMezo Shoji
56%
Sugar RushRikido Sato
54%
TransparencyToru Hagakure
50%

Score Distribution

Percentile by Number Answered

Percent of People with Each Score

Your Score History

You have not taken this quiz